Statistics for The World's 100 Best Restaurants

Click here to take the quiz!

General Stats

  • This quiz has been taken 27 times
  • The average score is 5 of 100

Answer Stats

# Location Restaurant % Correct
2CopenhagenNoma
31%
33Bray, EnglandThe Fat Duck
27%
47Yountville, CaliforniaThe French Laundry
27%
6São PauloD.O.M.
23%
11New YorkPer Se
23%
1Girona, SpainEl Celler de Can Roca
19%
3Modena, ItalyOsteria Francescana
19%
15ChicagoAlinea
15%
4San Sebástian, SpainMugaritz
15%
50LimaCentral
12%
5New YorkEleven Madison Park
12%
8San Sebástian, SpainArzak
12%
79ParisAlain Ducasse au Plaza Athénée
12%
30Wolfsburg, GermanyAqua
12%
21MelbourneAttica
12%
28Menton, FranceMirazur
12%
48SyndeyQuay
8%
63West Chester, New YorkBlue Hill at Stone Barns
8%
40Rivoli, Italycombal.Zero
8%
34Järpen, SwedenFäviken
8%
31Mexico CityBiko
8%
29New YorkDaniel
8%
91New YorkMasa
8%
23ParisL'Astrance
8%
45CopenhagenGeranium
8%
14LimaAstrid y Gaston
8%
66BangkokGaggan
8%
67HelsinkiChez Dominique
8%
20TokyoNarisawa
8%
9ViennaSteirereck
8%
18ParisLe Chateaubriand
8%
12StockholmRestaurant Frantzén
8%
13LondonThe Ledbury
8%
49ParisSeptime
4%
80Rio de JaneiroRoberta Sudbrack
4%
94Roanne, FranceLa Maison Troisgros
4%
65SingaporeIggy's
4%
93New YorkMomofuku Ko
4%
56CopenhagenRestaurant Relae
4%
64Lasarte-Oria, SpainMartin Berasategui
4%
72Dranouter, BelgiumIn de Wulf
4%
83Baiersbronn, GermanyDie Schwarzwaldstube
4%
58San FranciscoCoi
4%
69Laguiole, FranceBras Restaurant
4%
90Hong KongBo Innovation
4%
77BarcelonaTickets
4%
46São PauloMani
4%
22TokyoNihonryori RyuGin
4%
25Kruishoutem, BelgiumHof Van Cleve
4%
19New YorkLe Bernardin
4%
27Rubano, ItalyLe Calandre
4%
44Atxondo, SpainAsador Etxebarri
4%
17Mexico CityPujol
4%
16ParisL'Arpège
4%
35Sluis, NetherlandsOud Sluis
4%
36Hong KongAmber
4%
10Bergisch Gladbach, GermanyVendôme
4%
7LondonDinner by Heston Blumenthal
4%
78BrugesHertog Jan
4%
41Alba, ItalyPiazza Duomo
4%
42Fürstenau, SwitzerlandSchloss Schauenstein
4%
43ShanghaiMr. and Mrs. Bund
4%
24ParisL'Atelier Saint-Germain
de Joël Robuchon
4%
81SingaporeLes Amis
0%
82MilanRistorante Cracco
0%
84LondonPollen Street Social
0%
86New YorkMomofuku Ssäm Bar
0%
85MunichTantris
0%
99ParisLe Meurice
0%
87DubaiZuma
0%
88Crissier, SwitzerlandHotel de Ville
0%
89SyndeyMomofuku Seiobo
0%
98New YorkJean Georges
0%
97AthensSpondi
0%
92DubaiLa Petite Maison
0%
96Monte CarloLe Louis XV
0%
95TokyoQuintessence
0%
51ParisPierre Gagnaire
0%
76LimaMalabar
0%
55StockholmMathias Dahlgren
0%
26Dénia, SpainQuique Dacosta
0%
32BangkokNahm
0%
37Albufeira, PortugalVila Joya
0%
38SingaporeRestaurant Andre
0%
39Hong Kong8 1/2 Otto e Mezzo Bombana
0%
52Los Gatos, CaliforniaManresa
0%
53Franschhoek, South AfricaThe Tasting Room at
le Quartier Français
0%
54La Madelaine sous
Montreuil, France
La Grènouillere
0%
57Zwolle, NetherlandsDe Librije
0%
75Hong KongLung King Heen
0%
59LondonViajante
0%
60ShanghaiUltraviolet by Paul Pairet
0%
61Cape TownThe Test Kitchen
0%
62Onsabrück, GermanyLa Vie
0%
68SingaporeWaku Ghin
0%
70LondonHedone
0%
71LondonSt. John
0%
73Hong KongCaprice
0%
74Canneto Sull'oglio, ItalyDal Pescatore
0%
100MoscowVarvary
0%

Score Distribution

Percentile by Number Answered

Percent of People with Each Score

Your Score History

You have not taken this quiz